000 01143nam0a2200313 4500
001 RU\NLR\bibl\75476
005 20250616101511.0
010 _a5-288-02190-2
_91000
021 _aRU
_b2000-4855
_9248
035 _a(NLR Aleph) 000073662
090 _a407369
_c407369
100 _a20000316d1999 |||y0rusy50 ca
101 0 _arus
102 _aRU
105 _ay |||||||||
200 1 _aМать и младенец : психологическое взаимодействие
_fР.Ж.Мухамедрахимов
_gС.-Петерб. гос. ун-т
210 _aСПб.
_cИзд-во СПбГУ
_d1999
215 _a285,[1] с.
_d20
320 _aБиблиогр.: с. 265-283
606 0 _aМать и дитя
_xПсихологические исследования
_92064989
_3RU\NLR\auth\661239501
686 _aС550.55
700 1 _aМухамедрахимов
_bР. Ж.
_gРифкат Жаудатович
_4070
801 0 _aRU
_bNLR
_c20000316
_gPSBO
801 1 _aRU
_bNLR
_c20000316
830 _aАвт. раскрыт по кн.
852 _aNLR
_j99-3/20477
942 _cBOOK
980 _aNB